LEADER 00920nam a22002531i 4500 001 991004212899707536 005 20230704153329.0 008 020828s1983 it a||||||||||||||||ita 035 $ab11941649-39ule_inst 035 $aARCHE-003145$9ExL 040 $aDip.to Filologia Ling. e Lett.$bita$cA.t.i. Arché s.c.r.l. Pandora Sicilia s.r.l. 100 1 $aCamporesi, Piero$0439318 245 13$aLa carne impassibile /$cPiero Camporesi 260 $aMilano :$bIl saggiatore,$c1983 300 $a300 p. :$bill. ;$c21 cm 440 3$aLa cultura 650 4$aCorpo umano$xEsorcismi 650 4$aCorpo umano nel folclore 907 $a.b11941649$b02-04-14$c01-04-03 912 $a991004212899707536 945 $aLE008 Cr L II 49$g2$i2008000232573$lle008$o-$pE0.00$q-$rl$s-$t0$u1$v1$w1$x0$y.i12216185$z01-04-03 996 $aCarne impassibile$988988 997 $aUNISALENTO 998 $ale008$b01-04-03$cm$da$e-$fita$git$h3$i1